Effective behavior in organizations : learning from the interplay of cases, concepts, and student experiences / (Record no. 75759)

MARC details
000 -LEADER
fixed length control field 01270nam a2200277 a 4500
008 - FIXED-LENGTH DATA ELEMENTS--GENERAL INFORMATION
fixed length control field 120416s1976 ||||||||||||||||| || u
020 ## - INTERNATIONAL STANDARD BOOK NUMBER
International Standard Book Number 0256017735
050 ## - LIBRARY OF CONGRESS CALL NUMBER
Classification number HD 31 Eff
100 ## - MAIN ENTRY--PERSONAL NAME
Personal name Josefowitz, Natasha
245 10 - TITLE STATEMENT
Title Effective behavior in organizations : learning from the interplay of cases, concepts, and student experiences /
250 ## - EDITION STATEMENT
Edition statement 3rd ed.
260 ## - PUBLICATION, DISTRIBUTION, ETC.
Place of publication, distribution, etc. Sussex:
Name of publisher, distributor, etc. R. D. Irwin
Date of publication, distribution, etc. 1976
300 ## - PHYSICAL DESCRIPTION
Extent xxi, 615 p. : ill.
350 ## -
-- 0.00
490 ## -
-- The Irwin series in management and the behavioral sciences
500 ## - GENERAL NOTE
General note Includes bibliographies and index.
650 ## - SUBJECT ADDED ENTRY--TOPICAL TERM
Topical term or geographic name entry element TEAMS IN THE WORKPLACE
650 ## - SUBJECT ADDED ENTRY--TOPICAL TERM
Topical term or geographic name entry element BEHAVIOUR IN ORGANISATIONS
650 ## - SUBJECT ADDED ENTRY--TOPICAL TERM
Topical term or geographic name entry element ORGANIZATIONAL BEHAVIOUR
650 #0 - SUBJECT ADDED ENTRY--TOPICAL TERM
Topical term or geographic name entry element MANAGEMENT
650 ## - SUBJECT ADDED ENTRY--TOPICAL TERM
Topical term or geographic name entry element ORGANIZATION
700 ## - ADDED ENTRY--PERSONAL NAME
Personal name Cohen, Allan R
995 ## -
-- BINDERY (DAMAGED)
-- 0.00
-- 729309
-- CBU-MAIN LIBRARY (Kitwe)
-- 1
-- 28.95
-- HD 31 Eff
-- 2
-- DAMAGED
-- 021217
-- Main Library Open Access Collection
995 ## -
-- ANNEX COLLECTION (Main Library)
-- 0.00
-- 729232
-- CBU-MAIN LIBRARY (Kitwe)
-- 1
-- 0.00
-- HD 31 EFF
-- 3
-- AVAILABLE
-- Apr 26, 2006
-- 021266
-- Annex Low-Usage Collection
995 ## -
-- MAIN LIBRARY OPEN ACCESS
-- 0.00
-- 703901
-- CBU-MAIN LIBRARY (Kitwe)
-- 1
-- 14.50
-- HD 31 Eff
-- 1
-- AVAILABLE
-- 026678
-- Main Library Open Access Collection
999 ## -
-- 75759
-- 75759
Holdings
Withdrawn status Lost status Source of classification or shelving scheme Damaged status Not for loan Permanent Location Current Location Shelving location Date acquired Total Checkouts Full call number Barcode Date last seen Copy number Price effective from Koha item type
          CBU-MAIN LIBRARY, KITWE. CBU-MAIN LIBRARY, KITWE.   04/24/2023   HD 31 Eff 021217 04/24/2023 1 04/24/2023 MONOGRAPH
          CBU-MAIN LIBRARY, KITWE. CBU-MAIN LIBRARY, KITWE.   04/24/2023   HD 31 Eff 021266 04/24/2023 2 04/24/2023 MONOGRAPH
          CBU-MAIN LIBRARY, KITWE. CBU-MAIN LIBRARY, KITWE.   04/24/2023   HD 31 Eff 026678 04/24/2023 3 04/24/2023 MONOGRAPH